Βιολογία : μορφή και λειτουργία στα φυτά

Αποθηκεύτηκε σε:
Λεπτομέρειες βιβλιογραφικής εγγραφής
Κύριος συγγραφέας: Campbell, Neil A., 1946-2004
Άλλοι συγγραφείς: Reece, Jane B., Minorsky, Peter V., Κοκκορογιάννης, Θοδωρής (Μεταφραστής), Μανέτας, Γιάννης (Επιμελητής έκδοσης), Μοσχονάς, Νίκος Κ. (Επιμελητής έκδοσης)
Μορφή: Βιβλίο
Γλώσσα:Greek
English
Δημοσίευση: Ηράκλειο : Πανεπιστημιακές Εκδόσεις Κρήτης, c2021.
Σειρά:Πανεπιστημιακή βιβλιοθήκη θετικών επιστημών. Βιολογία (Πανεπιστημιακές Εκδόσεις Κρήτης)
Θέματα:
Ετικέτες: Προσθήκη ετικέτας
Δεν υπάρχουν, Καταχωρήστε ετικέτα πρώτοι!

MARC

LEADER 00000cam a2200000 a 4500
001 1/124442
008 220225s2021####gr a ||| |||| ||gre||
020 |a 9789605246150 
040 |a GR-MyUa  |b gre  |c GR-MyUa  |e AACR2 
041 1 |a gre  |h eng 
082 7 |a 570   |2 (23) 
100 1 |a Campbell, Neil A.,   |d 1946-2004. 
245 1 0 |a Βιολογία :   |b μορφή και λειτουργία στα φυτά /   |c Neil A. Campbell, Jane B. Reece, Peter V. Minorsky ; απόδοση στα εεληνικά Θόδωρος Κοκκορόγιαννης ; επιμέλεια ορολογίας Νίκος Κ. Μοσχονάς, Θόδωρος Κοκκορόγιαννης ; επιστημονική επιμέλεια Νίκος Κ. Μοσχονάς ; ειδική επιστημονική επιμέλεια Γιάννης Μανέτας.  
260 |a Ηράκλειο :   |b Πανεπιστημιακές Εκδόσεις Κρήτης,   |c c2021.  
300 |a 149 σ. :   |b εικ. ;   |c 29 εκ.  
490 1 |a (Πανεπιστημιακή Βιβλιοθήκη Θετικών Επιστημών/Βιολογία) 
500 |a Μετάφραση του Biology, 8η έκδοση, Pearson Education, Inc.  
504 |a Περιέχει βιβλιογραφία και ευρετήριο.  
650 0 |a Biology 
700 1 |a Reece, Jane B. 
700 1 |a Minorsky, Peter V. 
700 1 |a Κοκκορογιάννης, Θοδωρής,  |e trl 
700 1 |a Μανέτας, Γιάννης,  |e edt 
700 1 |a Μοσχονάς, Νίκος Κ.  |e edt 
830 0 |a Πανεπιστημιακή βιβλιοθήκη θετικών επιστημών.   |p Βιολογία (Πανεπιστημιακές Εκδόσεις Κρήτης) 
852 |a INST  |b LESVOS  |c EUDOXUS  |e 20220225  |h 570 CAM  |p 005100063649  |q 005100063649  |t EDX  |y 0 
852 |a INST  |b LESVOS  |c EUDOXUS  |e 20220225  |h 570 CAM  |p 005100063650  |q 005100063650  |t EDX  |y 0 
852 |a INST  |b LESVOS  |c EUDOXUS  |e 20220225  |h 570 CAM  |p 005100063651  |q 005100063651  |t EDX  |y 0 
920 |a Εύδοξος  |b Παραγγελία  |y Λέσβος-ΤΠ  |z 2021-12 
970 |a Καμάτσου  |b Δέσποινα  |z 25-02-2022